El tío Pablo o La educación (Record no. 165654)

MARC details
000 -LEADER
campo de control de longitud fija 01279nam a22002655i 4500
001 - NÚMERO DE CONTROL
campo de control 165654
003 - IDENTIFICADOR DE NÚMERO DE CONTROL
campo de control ES-MaACL
005 - FECHA Y HORA DE LA ÚLTIMA TRANSACCIÓN
campo de control 20250826150933.0
008 - DATOS DE LONGITUD FIJA--INFORMACIÓN GENERAL
campo de control de longitud fija 050831s1842 sp | |||||||| ||spa d
040 ## - FUENTE DE CATALOGACIÓN
Centro catalogador/agencia de origen CAM
Lengua de catalogación spa
Centro/agencia transcriptor CAM
080 ## - NÚMERO DE LA CLASIFICACIÓN DECIMAL UNIVERSAL
Número de la Clasificación Decimal Universal 821.133.1-23"18"
100 1# - ENTRADA PRINCIPAL--NOMBRE DE PERSONA
Nombre de persona Souvestre, Émile,
Fechas asociadas al nombre 1806-1854
9 (RLIN) 107604
245 13 - MENCIÓN DEL TÍTULO
Título El tío Pablo o La educación
Resto del título : comedia en dos actos /
Mención de responsabilidad, etc. escrita en francés por Émile Souvestre ; (traducción de J. de la C. Tirado ).
260 ## - PUBLICACIÓN, DISTRIBUCIÓN, ETC.
Lugar de publicación, distribución, etc. Madrid :
Nombre del editor, distribuidor, etc. [s.n.,
Fecha de publicación, distribución, etc. 1842] (
Fabricante Imprenta de F. Suárez)
300 ## - DESCRIPCIÓN FÍSICA
Extensión 32 p. ;
Dimensiones 25 cm.
490 1# - MENCIÓN DE SERIE
Mención de serie Museo Dramático. Colección de comedias del teatro estrangero [sic] representadas en los principales de la Corte
500 ## - NOTA GENERAL
Nota general Representada por primera vez en Madrid en el Teatro de la Cruz el día 27 de mayo de 1842.
594 ## - Nota al título y mención de responsabilidad
Nota al título y mención de responsabilidad Datos tomados de la primera p. de texto, sin port.
596 ## - NOTA AL PIE DE IMPRENTA
NOTA AL PIE DE IMPRENTA Pie de imp. consta en colofón.
700 1# - ENTRADA AGREGADA--NOMBRE PERSONAL
Nombre de persona Tirado, Juan de la Cruz,
Fechas asociadas al nombre n. 1812
9 (RLIN) 133264
740 3# - ENTRADA AGREGADA--TÍTULO RELACIONADO/ANALÍTICO NO CONTROLADO
Título relacionado o analítico no controlado La educación.
830 00 - PUNTO DE ACCESO ADICIONAL DE SERIE-TÍTULO UNIFORME
Título uniforme Museo dramático ó Colección de comedias del teatro estranjero representadas en los principales teatros de la corte
9 (RLIN) 242030
852 ## - LOCALIZACIÓN
Ubicación ES-MaACL
Número de control de estantería F-7488(3)
Nota libre -- Enc. hol., falto de la enc. original en vol. facticio
Holdings
Estatus retirado Estado de pérdida Estado de daño No para préstamo Colección Biblioteca de origen Biblioteca actual Ubicación en estantería Fecha de adquisición Total de préstamos Signatura topográfica completa Código de barras Visto por última vez Precio de reemplazo Tipo de ítem Koha
        Libros del s. XIX Biblioteca del Ateneo de Madrid Biblioteca del Ateneo de Madrid Depósito 2 17/01/2008   F-7488(3) 1173725 23/02/2023 23/02/2023 Libro impreso antiguo